[Event "Challenge"]
[Site "http://www.queenalice.com/game.php?id=154144"]
[Date "2007.1.15"]
[Round "-"]
[White "M6"]
[Black "mescaline"]
[Result "0-1"]
[WhiteElo "1133"]
[BlackElo "1559"]

1. e4 e5 2. d4 exd4 3. Qxd4 Nc6 4. Qd5 Nf6 5. Qc4 d6 6. Nc3 Be6 7. Qa4 g6 8. Bg5
a6 9. Rd1 Be7 10. e5 Ng4 11. Bxe7 Qxe7 12. exd6 cxd6 13. Nb5 Bb3+ 14. Be2 Bxa4
15. Nxd6+ Kf8 16. b3 Bb5 17. c4 Kg7 18. Nf3 Nce5 19. O-O Bc6 20. h3 Rad8 21.
hxg4 Rxd6 22. Nxe5 Qxe5 23. Rd3 Rxd3 24. Bxd3 Be4 25. Re1 f5 26. gxf5 Qc3 27.
Rxe4 Qxd3 28. Re7+ Kf6 29. Re3 Qd1+ 30. Kh2 gxf5 31. f4 Rg8 32. Rg3 Re8 33. Rh3
Re1 34. Rh6+ Kg7 35. Rb6 Rh1+ 36. Kg3 Qd3+ 37. Kf2 Rf1# 0-1

[Event "Challenge"]
[Site "http://www.queenalice.com/game.php?id=154290"]
[Date "2007.1.15"]
[Round "-"]
[White "mustangmike"]
[Black "M6"]
[Result "1-0"]
[WhiteElo "1542"]
[BlackElo "1133"]

1. e4 e5 2. c3 d5 3. f3 Bc5 4. g3 Nf6 5. Qe2 c6 6. b4 Bxg1 7. Rxg1 Qb6 8. Rh1
dxe4 9. fxe4 Ng4 10. d3 Nf2 11. Be3 Bg4 12. Qxf2 Qd8 13. Be2 Bh3 14. g4 O-O 15.
Qg3 Bxg4 16. Qxg4 Nd7 17. Rg1 g6 18. Bf1 Nf6 19. Qg5 Nh5 20. Qh6 Qh4+ 21. Bf2
Qf4 22. Be3 Qxh6 23. Bxh6 Rfe8 24. Be2 Nf4 25. Bf1 Re6 26. Bxf4 exf4 27. Be2 Rd8
28. Rf1 Rf6 29. Nd2 g5 30. O-O-O b5 31. Bf3 Rh6 32. Rh1 Rxd3 33. c4 Rc3+ 34. Kb2
Rd3 35. Be2 Re3 36. Rde1 Rd6 37. Nf1 Rxe4 38. Rg1 h6 39. cxb5 f3 40. Ng3 Rxb4+
41. Ka3 Rdd4 42. Bxf3 Rxb5 43. Re8+ 1-0

[Event "Challenge"]
[Site "http://www.queenalice.com/game.php?id=154507"]
[Date "2007.1.16"]
[Round "-"]
[White "M6"]
[Black "mescaline"]
[Result "0-1"]
[WhiteElo "1133"]
[BlackElo "1559"]

1. b3 Nc6 2. Bb2 e5 3. g3 d5 4. Bg2 Nf6 5. Nf3 Bd6 6. d3 Bf5 7. Qd2 Qe7 8. Nc3
O-O-O 9. Qg5 g6 10. e4 dxe4 11. Nd5 Nxd5 12. dxe4 Bxe4 13. Qxe7 Ndxe7 14. Ng5
Bxg2 15. Rg1 Bd5 16. Rd1 f6 17. Rxd5 fxg5 18. Kd1 Nxd5 19. Kd2 Rhf8 20. Rf1 e4
21. c4 Bb4+ 22. Kc1 Ne3 23. fxe3 Rxf1+ 24. Kc2 Rd2# 0-1

[Event "Challenge"]
[Site "http://www.queenalice.com/game.php?id=154676"]
[Date "2007.1.16"]
[Round "-"]
[White "danco69"]
[Black "M6"]
[Result "0-1"]
[WhiteElo "1429"]
[BlackElo "1059"]

1. e4 e5 2. d4 Nc6 3. dxe5 Nxe5 4. f4 Qh4+ 5. g3 Qg4 6. Qxg4 Nxg4 7. Be2 d5 8.
Bxg4 Bxg4 9. exd5 O-O-O 10. Nc3 Bb4 11. Bd2 Re8+ 12. Nge2 Nf6 13. h3 Bf3 14. Rf1
Bg2 15. Rg1 Bxh3 16. a3 Bc5 17. O-O-O Bxg1 18. Nxg1 Bg4 19. Rf1 Ne4 20. Nxe4
Rxe4 21. Bc3 Rd8 22. Bxg7 Rxd5 23. b3 Re3 24. f5 Bxf5 25. Nf3 Bh3 26. Rh1 Bg2
27. Rh4 Bxf3 28. Rxh7 Be4 29. Rh8+ Kd7 30. Ra8 Rxg3 31. Bf6 Rc5 32. Rd8+ Kc6 33.
c3 Rg1+ 34. Kd2 Rf5 35. Bd4 Rf3 36. Bxg1 Rg3 37. Bxa7 f5 38. Rf8 Rg2+ 39. Ke3
Bc2 40. b4 Kb5 41. Rf7 b6 42. Rxc7 Rg8 43. Rb7 Ka6 44. Rb8 Rg3+ 45. Kf4 Rg4+ 46.
Kf3 Be4+ 47. Kf2 Kxa7 48. Rh8 f4 0-1

[Event "Challenge"]
[Site "http://www.queenalice.com/game.php?id=154766"]
[Date "2007.1.16"]
[Round "-"]
[White "M6"]
[Black "serse"]
[Result "0-1"]
[WhiteElo "1064"]
[BlackElo "2118"]

1. d4 Nf6 2. f3 d5 3. Nc3 Nc6 4. Bf4 Nh5 5. Qd2 Nxf4 6. Qxf4 e6 7. Nb5 Bb4+ 8.
c3 Ba5 9. Nh3 Qe7 10. e3 a6 11. Na3 Bxc3+ 12. bxc3 Qxa3 13. Rc1 e5 14. dxe5
Qxc1+ 15. Kf2 Bxh3 16. gxh3 Qxc3 17. e6 fxe6 18. Qxc7 d4 19. Qxg7 dxe3+ 20. Ke2
Qd2# 0-1

[Event "Challenge"]
[Site "http://www.queenalice.com/game.php?id=154767"]
[Date "2007.1.16"]
[Round "-"]
[White "M6"]
[Black "Macuei"]
[Result "0-1"]
[WhiteElo "1018"]
[BlackElo "1964"]

1. d4 Nf6 2. Nf3 Nc6 3. Nc3 d5 4. Bf4 Bf5 5. Nb5 Rc8 6. Qd2 a6 7. Na3 e6 8. Qc3
Bb4 9. O-O-O Bxc3 10. bxc3 Ng4 11. Re1 Qe7 12. Nb1 Nxf2 13. Rg1 Be4 14. Be3 Ng4
15. Bg5 f6 16. Bf4 Nb4 17. cxb4 Bxf3 18. exf3 Qxb4 19. Rxe6+ Kf7 20. a3 Qxd4 21.
h3 Qxf4+ 22. Kb2 Kxe6 23. hxg4 Qh2 24. Nd2 Qxg1 25. Bd3 g6 26. Nb3 c5 27. Na5
Qxg2 28. f4 c4 29. f5+ Kf7 30. Nxb7 Rb8 31. Kc3 Rxb7 32. fxg6+ hxg6 0-1

[Event "Challenge"]
[Site "http://www.queenalice.com/game.php?id=155498"]
[Date "2007.1.18"]
[Round "-"]
[White "RETI"]
[Black "M6"]
[Result "1-0"]
[WhiteElo "1047"]
[BlackElo "1064"]

1. e4 e5 2. Nf3 Nc6 3. Bb5 Nd4 4. Nxd4 exd4 5. d3 Qf6 6. O-O Qe5 7. Bc4 Bd6 8.
g3 h5 9. Qf3 Nf6 10. Bf4 Qe7 11. Nd2 Bxf4 12. Qxf4 d6 13. Rae1 O-O 14. e5 dxe5
15. Rxe5 Qb4 16. Ne4 Qb6 17. Nxf6+ Qxf6 18. Qxf6 gxf6 19. Rxh5 Bg4 20. Rh6 Kg7
21. Rh4 Bf3 22. Rxd4 Rae8 23. Rf4 Bh5 24. d4 Re7 25. Bd3 Rd8 26. c3 Kf8 27. Rh4
Rd5 28. g4 Bg6 29. Bxg6 Kg7 30. Bf5 Re2 31. Rh7+ Kg8 32. Rb1 c5 33. Bd3 Rd2 34.
Bc4 Rg5 35. Rxf7 Rxg4+ 36. Kf1 Rf4 37. Rxf6+ Kg7 38. Rxf4 cxd4 39. Rxd4 1-0

[Event "Daj mu vetra!"]
[Site "http://www.queenalice.com/game.php?id=160299"]
[Date "2007.1.28"]
[Round "-"]
[White "mescaline"]
[Black "M6"]
[Result "1-0"]
[WhiteElo "1524"]
[BlackElo "1123"]

1. Nf3 d5 2. c4 e6 3. d4 Nf6 4. Nc3 dxc4 5. e4 Bb4 6. Qa4+ Nc6 7. a3 Bxc3+ 8.
bxc3 Nxe4 9. Qxc4 b6 10. Qxc6+ Bd7 11. Qxe4 Rb8 12. Qf4 O-O 13. Bd3 Qf6 14. Qh4
Qxh4 15. Nxh4 Ba4 16. O-O Rbd8 17. Bf4 c5 18. Rac1 cxd4 19. c4 Rc8 20. Nf3 Rfd8
21. Be5 g6 22. Rfd1 Bxd1 23. Rxd1 b5 24. cxb5 Rc3 25. a4 Rdc8 26. Bxd4 Rxd3 27.
Re1 a6 28. b6 Rb8 29. a5 h5 30. h4 Kh7 31. Bf6 Ra3 32. Ra1 Rxa1+ 33. Bxa1 Kg8
34. Kf1 Rc8 35. Ke2 Rc5 36. Be5 Rb5 37. Kd3 Kf8 38. Nd4 Rb1 39. Kc4 Ke7 40. Nb3
Re1 41. b7 Rxe5 42. b8=Q Rb5 43. Qa7+ Kf6 44. Qxa6 Rd5 45. Qb7 Rxa5 46. Nxa5 g5
47. hxg5+ Kxg5 48. Qxf7 e5 49. Kd5 h4 50. Kxe5 1-0

[Event "Let's Play Chess!"]
[Site "http://www.queenalice.com/game.php?id=166468"]
[Date "2007.2.10"]
[Round "-"]
[White "yaron96"]
[Black "M6"]
[Result "1-0"]
[WhiteElo "1271"]
[BlackElo "1033"]

1. e4 e5 2. Nf3 Nc6 3. Bc4 Nh6 4. d3 Bc5 5. O-O Ng4 6. Ng5 d6 7. Bxf7+ Kf8 8.
Bb3 Qf6 9. Nf3 Nd4 10. Nxd4 Bxd4 11. Be3 Bxb2 12. Nd2 Bxa1 13. Qxa1 Ke8 14. Nc4
1-0

[Event "Challenge"]
[Site "http://www.queenalice.com/game.php?id=166473"]
[Date "2007.2.10"]
[Round "-"]
[White "M6"]
[Black "Slazenger"]
[Result "0-1"]
[WhiteElo "1123"]
[BlackElo "915"]

1. d4 d5 2. Nc3 e6 3. e4 dxe4 4. Nxe4 f5 5. Nc3 Bd7 6. Nf3 h6 7. Bb5 Bxb5 8.
Nxb5 c6 9. Nc3 Nd7 10. Ne5 Nxe5 11. dxe5 Qxd1+ 12. Nxd1 g5 13. Be3 Ne7 14. Nc3
Ng6 15. O-O-O c5 16. Nb5 Rh7 17. Rd2 Nxe5 18. b3 f4 19. Bxf4 gxf4 20. Re1 Nc6
21. Rxe6+ Kf7 22. Nc7 Rc8 23. Rd7+ Kg8 24. Rg6+ Rg7 25. Rgxg7+ Bxg7 26. Ne6 Bd4
27. Rxb7 Re8 28. Nxf4 Bxf2 29. Nd3 Bg1 30. h3 Rf8 31. Kd1 Nd4 32. Nxc5 Be3 33.
Nd3 Rf1+ 34. Ne1 Bf2 35. Re7 Nf5 36. Re4 Nh4 37. Kd2 Bxe1+ 38. Ke2 Rg1 39. Rg4+
Kh7 40. c4 Nxg2 41. Rxg2 Rxg2+ 42. Kxe1 Rxa2 43. Kd1 a5 44. Kc1 a4 45. c5 axb3
46. c6 Rc2+ 47. Kb1 Rxc6 48. Kb2 Rg6 49. h4 Rg3 50. h5 Rh3 51. Ka3 Rxh5 52. Kxb3
Rg5 53. Kc3 h5 0-1

[Event "Challenge"]
[Site "http://www.queenalice.com/game.php?id=166873"]
[Date "2007.2.10"]
[Round "-"]
[White "M6"]
[Black "Macuei"]
[Result "0-1"]
[WhiteElo "1033"]
[BlackElo "1790"]

1. d4 d5 2. Nc3 c6 3. e4 Nf6 4. f3 Qa5 5. Bd2 Qb6 6. Nge2 e6 7. Na4 Qc7 8. Bf4
Qa5+ 9. Nec3 Bb4 10. Bd2 Bxc3 11. Nxc3 Qd8 12. e5 Nfd7 13. f4 Qb6 14. Na4 Qxd4
15. c3 Qe4+ 16. Kf2 b5 17. Nc5 Nxc5 18. Qg4 g6 0-1

[Event "Challenge"]
[Site "http://www.queenalice.com/game.php?id=167021"]
[Date "2007.2.11"]
[Round "-"]
[White "RETI"]
[Black "M6"]
[Result "0-1"]
[WhiteElo "1068"]
[BlackElo "1018"]

1. Nf3 d5 2. d4 Nc6 3. e3 Nf6 4. Bb5 e6 5. Bxc6+ bxc6 6. c3 Ne4 7. Nbd2 Nxd2 8.
Bxd2 Bd6 9. O-O Ba6 10. Re1 Bd3 11. Qa4 O-O 12. Qxc6 Rb8 13. b3 Rb6 14. Qa4 Ra6
15. Qxa6 Bxa6 16. a4 Bd3 17. b4 Qf6 18. b5 a6 19. Ra3 Bxa3 20. Ne5 Bd6 21. Nd7
Qh4 22. g3 Qh3 23. Nxf8 Be4 0-1